000
00316nam a2200133Ia 4500
005
20260328104330.0
008
260328s9999||||xx |||||||||||||| ||und||
100
_a
Allen, Cindy
245
0
_a
Best of Office /
_c
Cindy Allen
260
_b
Sandow
300
_a
222 p.
650
_a
ARQUITECTURA INTERIOR
942
_c
BK
999
_c
11686
_d
11686